[Event "GRE-chT 37th"]
[Site "Kallithea"]
[Date "2009.07.09"]
[Round "9"]
[White "Georgiev, Krum"]
[Black "Prentos, Konstantinos"]
[Result "1-0"]
[WhiteElo "2430"]
[BlackElo "2274"]
[PlyCount "73"]
[EventDate "2009.07.03"]
[EventType "team-tourn"]
[EventRounds "9"]
[EventCountry "GRE"]
[SourceTitle "CBM 131 Extra"]
[Source "ChessBase"]
[SourceDate "2009.09.03"]
[SourceVersion "2"]
[SourceVersionDate "2009.09.16"]
[SourceQuality "1"]

1. e4 e5 2. Nf3 Nf6 3. Nxe5 d6 4. Nf3 Nxe4 5. d4 d5 6. Bd3 Be7 7. 0-0 0-0 8. c4 c6 9. Nc3 Nxc3 10. bxc3 Be6 11. Qc2 h6 12. c5 Nd7 13. Bf4 Bg4 14. Nd2 Nf6 15. h3 Bd7 16. Rfe1 Re8 17. Be5 b6 18. Nb3 Bc8 19. Re3 Nd7 20. Bg3 Nf6 21. Rae1 Be6 22. Rxe6 fxe6 23. Rxe6 bxc5 24. dxc5 Bf8 25. Rxc6 Ne4 26. Bf4 Rc8 27. Ra6 Nxc5 28. Nxc5 Bxc5 29. Bf5 Qh4 30. g3 Qh5 31. Bg4 Re1+ 32. Kg2 Qe8 33. Bxc8 Qxc8 34. Qd2 Qxa6 35. Qxe1 Qxa2 36. Qe6+ Kh7 37. Qf5+ 1-0

[Event "GRE-chT 37th"]
[Site "Kallithea"]
[Date "2009.07.05"]
[Round "4"]
[White "Prentos, Konstantinos"]
[Black "Georgiadis, Ioannis"]
[Result "1/2-1/2"]
[WhiteElo "2274"]
[BlackElo "2438"]
[PlyCount "76"]
[EventDate "2009.07.03"]
[EventType "team-tourn"]
[EventRounds "9"]
[EventCountry "GRE"]
[SourceTitle "CBM 131 Extra"]
[Source "ChessBase"]
[SourceDate "2009.09.03"]
[SourceVersion "2"]
[SourceVersionDate "2009.09.16"]
[SourceQuality "1"]

1. e4 c5 2. Nf3 d6 3. d4 cxd4 4. Qxd4 a6 5. c4 Nc6 6. Qd3 Nf6 7. Nc3 g6 8. Be2 Bg7 9. 0-0 0-0 10. h3 Nd7 11. Bd2 Nc5 12. Qe3 f5 13. exf5 gxf5 14. Qg5 e5 15. Qxd8 Rxd8 16. Rfd1 e4 17. Ne1 Be6 18. Rac1 b5 19. cxb5 Nd4 20. b4 Na4 21. Bf1 axb5 22. Nxa4 Rxa4 23. Rc7 Bf7 24. Bg5 Rb8 25. Be7 Be5 26. Rd7 d5 27. Bc5 Nc6 28. Nc2 Be6 29. R7xd5 Bxd5 30. Rxd5 Kf7 31. Rd7+ Ke6 32. Rxh7 Rxa2 33. Rh6+ Kd7 34. Ne3 Nd4 35. Rh7+ Kc6 36. Rh6+ Kd7 37. Rh7+ Kc6 38. Rh6+ Kd7 1/2-1/2

[Event "GRE-chT 36th"]
[Site "Kallithea"]
[Date "2008.07.07"]
[Round "3.5"]
[White "Prentos, Konstantinos"]
[Black "Kalaitzoglou, Panayotis"]
[Result "1-0"]
[WhiteElo "2271"]
[BlackElo "2198"]
[PlyCount "37"]
[EventDate "2008.07.06"]
[EventType "team-tourn"]
[EventRounds "7"]
[EventCountry "GRE"]
[SourceTitle "CBM 125 Extra"]
[Source "ChessBase"]
[SourceDate "2008.09.01"]
[SourceVersion "1"]
[SourceVersionDate "2008.09.01"]
[SourceQuality "1"]

1. e4 e5 2. Nf3 Nc6 3. Bb5 a6 4. Ba4 Nf6 5. d4 exd4 6. 0-0 Nxe4 7. Re1 d5 8. Nxd4 Bc5 9. Bxc6+ bxc6 10. f3 0-0 11. fxe4 dxe4 12. Be3 Bg4 13. Qxg4 Bxd4 14. c3 f5 15. Qe2 Be5 16. Bf2 Qd6 17. h3 Qh6 18. Nd2 Qg5 19. Nc4 1-0

[Event "GRE-chT 36th"]
[Site "Kallithea"]
[Date "2008.07.06"]
[Round "1.3"]
[White "Prentos, Konstantinos"]
[Black "Georgiev, Krum"]
[Result "0-1"]
[WhiteElo "2271"]
[BlackElo "2446"]
[PlyCount "66"]
[EventDate "2008.07.06"]
[EventType "team-tourn"]
[EventRounds "7"]
[EventCountry "GRE"]
[SourceTitle "CBM 125 Extra"]
[Source "ChessBase"]
[SourceDate "2008.09.01"]
[SourceVersion "1"]
[SourceVersionDate "2008.09.01"]
[SourceQuality "1"]
[WhiteTeam "Kalamarias"]
[BlackTeam "Thessaloniki Galaxias"]
[WhiteTeamCountry "GRE"]
[BlackTeamCountry "GRE"]

1. e4 c5 2. Nf3 d6 3. d4 cxd4 4. Nxd4 Nf6 5. Nc3 Bd7 6. Be2 e6 7. Be3 Bc6 8. f3 Be7 9. Qd2 0-0 10. g4 a6 11. g5 Nfd7 12. 0-0-0 b5 13. Bd3 Bb7 14. h4 Nc5 15. Rdg1 Nbd7 16. h5 Rc8 17. Kb1 Ne5 18. g6 Bf6 19. f4 b4 20. h6 fxg6 21. Qh2 Rf7 22. hxg7 Rxg7 23. fxe5 dxe5 24. Nce2 exd4 25. e5 dxe3 26. exf6 Qxf6 27. Rf1 Qe7 28. Rhg1 Nxd3 29. cxd3 Qd7 30. Rd1 Qc7 31. Qxc7 Rgxc7 32. Rg3 Rc2 33. Rxe3 Rxe2 0-1

[Event "GRE-chT 35th"]
[Site "Ermioni Argolidas"]
[Date "2006.07.07"]
[Round "6"]
[White "Vouldis, Angelos"]
[Black "Prentos, Konstantinos"]
[Result "1-0"]
[WhiteElo "2521"]
[BlackElo "2258"]
[PlyCount "47"]
[EventDate "2006.07.03"]
[EventType "team"]
[EventRounds "9"]
[EventCountry "GRE"]
[SourceTitle "CBM 113 Extra"]
[Source "ChessBase"]
[SourceDate "2006.09.14"]
[SourceVersion "1"]
[SourceVersionDate "2006.09.14"]
[SourceQuality "1"]

1. e4 c5 2. Nf3 d6 3. d4 cxd4 4. Nxd4 Nf6 5. Nc3 a6 6. Bg5 e6 7. f4 b5 8. e5 dxe5 9. fxe5 Qc7 10. Qe2 Nfd7 11. 0-0-0 Bb7 12. Qg4 Qxe5 13. Be2 h5 14. Qh4 g6 15. Bf3 Ra7 16. Kb1 Bh6 17. Bxh6 Rxh6 18. Rhe1 Qf6 19. Qf2 Ra8 20. Qe3 Bxf3 21. gxf3 g5 22. Nd5 Qd8 23. Nf5 Rg6 24. Qc3 1-0

[Event "GRE-chT 29th"]
[Site "Athens"]
[Date "2000.07.13"]
[Round "8"]
[White "Prentos, Konstantinos"]
[Black "Tsomis, Dimitrios"]
[Result "0-1"]
[WhiteElo "2241"]
[BlackElo "2240"]
[PlyCount "67"]
[EventDate "2000.07.06"]
[EventType "team"]
[EventRounds "8"]
[EventCountry "GRE"]
[SourceTitle "EXT 2001"]
[Source "ChessBase"]
[SourceDate "2000.11.22"]
[SourceVersion "1"]
[SourceVersionDate "2000.11.22"]
[SourceQuality "1"]

1. e4 c5 2. Nf3 d6 3. d4 cxd4 4. Nxd4 Nf6 5. Nc3 a6 6. Be3 Ng4 7. Bg5 h6 8. Bh4 g5 9. Bg3 Bg7 10. Qd2 Nc6 11. Nb3 Be6 12. h4 Qb6 13. hxg5 hxg5 14. Rxh8+ Bxh8 15. Qxg5 Bxc3+ 16. bxc3 0-0-0 17. Be2 Nf6 18. Bd3 Rg8 19. Qf4 Nh5 20. Qf3 Nxg3 21. fxg3 Qg1+ 22. Bf1 Qh2 23. 0-0-0 Rxg3 24. Qf2 Rxc3 25. Qb6 Qf4+ 26. Kb2 Qe3 27. Nd4 Nxd4 28. Rxd4 Rc6 29. Qb4 a5 30. Qd2 Rb6+ 31. Ka1 Qa3 32. c4 Qc5 33. Be2 Rb4 34. Qc3 0-1

[Event "GRE-chT 29th"]
[Site "Athens"]
[Date "2000.07.10"]
[Round "5"]
[White "Dimbas, Dimitrios"]
[Black "Prentos, Konstantinos"]
[Result "0-1"]
[WhiteElo "2057"]
[BlackElo "2241"]
[PlyCount "50"]
[EventDate "2000.07.06"]
[EventType "team"]
[EventRounds "8"]
[EventCountry "GRE"]
[SourceTitle "EXT 2001"]
[Source "ChessBase"]
[SourceDate "2000.11.22"]
[SourceVersion "1"]
[SourceVersionDate "2000.11.22"]
[SourceQuality "1"]

1. e4 c5 2. Nf3 e6 3. d4 cxd4 4. Nxd4 Nf6 5. Nc3 d6 6. Be3 a6 7. Be2 Qc7 8. 0-0 b5 9. a3 Bb7 10. f4 Nxe4 11. Nxe4 Bxe4 12. Bf3 Qb7 13. f5 e5 14. Nb3 Bxf3 15. Rxf3 Nd7 16. Bg5 Be7 17. Rg3 Bxg5 18. Rxg5 Qb6+ 19. Kh1 Rg8 20. a4 Nf6 21. h3 Rc8 22. Qe2 Kd7 23. axb5 axb5 24. Rd1 Rc4 25. Qxe5 Re8 0-1

[Event "GRE-chT 29th"]
[Site "Athens"]
[Date "2000.07.07"]
[Round "2"]
[White "Prentos, Konstantinos"]
[Black "Koutsidis, Mihail"]
[Result "1-0"]
[WhiteElo "2241"]
[BlackElo "2111"]
[PlyCount "57"]
[EventDate "2000.07.06"]
[EventType "team"]
[EventRounds "8"]
[EventCountry "GRE"]
[SourceTitle "EXT 2001"]
[Source "ChessBase"]
[SourceDate "2000.11.22"]
[SourceVersion "1"]
[SourceVersionDate "2000.11.22"]
[SourceQuality "1"]

1. e4 c5 2. Nf3 Nc6 3. d4 cxd4 4. Nxd4 g6 5. c4 Bg7 6. Be3 d6 7. Nc3 Nf6 8. Be2 Bd7 9. 0-0 0-0 10. Rc1 Nxd4 11. Bxd4 Bc6 12. Qd3 Qd7 13. f4 Rfd8 14. f5 b6 15. g4 Qb7 16. Nd5 Bxd5 17. exd5 Nd7 18. Bxg7 Kxg7 19. g5 Ne5 20. f6+ Kh8 21. Qh3 exf6 22. gxf6 Qc8 23. Qh6 Rg8 24. Rc3 Qf8 25. Qg5 h5 26. Rh3 Kh7 27. Bxh5 Qh6 28. Bxg6+ Rxg6 29. Rxh6+ 1-0

[Event "GRE-chT 28th"]
[Site "Kavala"]
[Date "1999.??.??"]
[Round "?"]
[White "Botsari, Anna Maria"]
[Black "Prentos, Konstantinos"]
[Result "1-0"]
[WhiteElo "2333"]
[BlackElo "2250"]
[PlyCount "77"]
[EventDate "1999.??.??"]
[EventType "team"]
[EventRounds "8"]
[EventCountry "GRE"]
[SourceTitle "EXT 2002"]
[Source "ChessBase"]
[SourceDate "2001.11.25"]
[SourceVersion "1"]
[SourceVersionDate "2001.11.25"]
[SourceQuality "1"]

1. d4 e6 2. c4 f5 3. Nf3 Nf6 4. g3 d5 5. Bg2 c6 6. 0-0 Bd6 7. Bf4 0-0 8. Qc2 Qe7 9. Nc3 Ne4 10. Bxd6 Nxd6 11. c5 Nf7 12. b4 e5 13. dxe5 Nxe5 14. e3 Nbd7 15. Nd4 Nf6 16. Nce2 Ne4 17. f3 Nf6 18. Rae1 Bd7 19. Nc1 Nh5 20. Bh3 Qf6 21. Qd1 Qh6 22. Bg2 Rae8 23. Nc2 Re7 24. Qd4 Rfe8 25. Nd3 Nc4 26. Nf4 Nf6 27. e4 fxe4 28. fxe4 Nxe4 29. Nxd5 cxd5 30. Qxd5+ Be6 31. Bxe4 Nd2 32. Rf2 Bxd5 33. Bxd5+ Re6 34. Nd4 Nf3+ 35. Nxf3 Kh8 36. Bxe6 Rxe6 37. Ne5 Rf6 38. Nf7+ Kg8 39. Nxh6+ 1-0

[Event "GRE-chT"]
[Site "Poros"]
[Date "1998.04.25"]
[Round "8"]
[White "Managadze, Nikoloz"]
[Black "Prentos, Konstantinos"]
[Result "1-0"]
[WhiteElo "2335"]
[BlackElo "2265"]
[PlyCount "103"]
[EventDate "1998.??.??"]
[EventType "team"]
[EventRounds "9"]
[EventCountry "GRE"]
[SourceTitle "EXT 1999"]
[Source "ChessBase"]
[SourceDate "1998.11.16"]
[SourceVersion "1"]
[SourceVersionDate "1998.11.16"]
[SourceQuality "1"]

1. e4 c5 2. Nf3 d6 3. c3 Nf6 4. Be2 g6 5. 0-0 Bg7 6. Qc2 0-0 7. d4 Bg4 8. dxc5 dxc5 9. h3 Bxf3 10. Bxf3 Nc6 11. Be3 Nd7 12. Be2 Rc8 13. Rd1 Qc7 14. a4 Rfd8 15. Na3 a6 16. g3 Na5 17. b3 Qe5 18. Rd5 Qc7 19. Rad1 e6 20. Bf4 Ne5 21. Rxd8+ Rxd8 22. Be3 Rxd1+ 23. Qxd1 Nd7 24. b4 cxb4 25. cxb4 Nc6 26. b5 Nb4 27. bxa6 bxa6 28. Nc4 Nc5 29. Qd2 a5 30. Bxc5 Qxc5 31. Qd8+ Bf8 32. Qxa5 Qd4 33. Qe5 Qa7 34. a5 Bc5 35. Qf6 Nc6 36. Kg2 Be7 37. Qa1 Bc5 38. Qa4 Nd4 39. Bd3 Kg7 40. a6 h5 41. h4 Kf8 42. Ne5 Ke7 43. Bb5 Qc7 44. Nd7 Nxb5 45. Qxb5 Ba7 46. Ne5 Kd6 47. Nc4+ Ke7 48. e5 f6 49. exf6+ Kxf6 50. Qg5+ Kg7 51. Qe5+ Qxe5 52. Nxe5 1-0

[Event "GRE-chT"]
[Site "Poros"]
[Date "1998.04.21"]
[Round "2"]
[White "Prentos, Konstantinos"]
[Black "Graf, Alexander"]
[Result "0-1"]
[WhiteElo "2265"]
[BlackElo "2625"]
[PlyCount "94"]
[EventDate "1998.??.??"]
[EventType "team"]
[EventRounds "9"]
[EventCountry "GRE"]
[SourceTitle "EXT 1999"]
[Source "ChessBase"]
[SourceDate "1998.11.16"]
[SourceVersion "1"]
[SourceVersionDate "1998.11.16"]
[SourceQuality "1"]

1. e4 e6 2. d4 d5 3. e5 c5 4. c3 Nc6 5. Nf3 Bd7 6. g3 Qb6 7. h4 Rc8 8. Be2 Nge7 9. dxc5 Qxc5 10. b4 Qb6 11. b5 Na5 12. Be3 Qc7 13. 0-0 Nc4 14. Bxc4 Qxc4 15. a4 a6 16. bxa6 Qxa6 17. Bd4 Nf5 18. Nbd2 Be7 19. Qb3 Nxd4 20. cxd4 0-0 21. Rfb1 Rc7 22. Kg2 Ra8 23. a5 h6 24. h5 Rac8 25. g4 Be8 26. Qe3 Rc3 27. Qf4 R8c7 28. g5 hxg5 29. Nxg5 Bxg5 30. Qxg5 Qd3 31. a6 Qh3+ 32. Kg1 bxa6 33. Nf1 Bb5 34. Ng3 Kh7 35. Rc1 Rxc1+ 36. Rxc1 Rxc1+ 37. Qxc1 Qg4 38. Qc2+ g6 39. Qc7 Qf4 40. hxg6+ Kxg6 41. Qd8 Kh7 42. Qc7 Bd3 43. Qe7 Bg6 44. Qa7 a5 45. Qxa5 Qxd4 46. Qc7 Qf4 47. Qd6 d4 0-1

[Event "Thessaloniki tt"]
[Site "Thessaloniki"]
[Date "1997.??.??"]
[Round "1"]
[White "Anagnostopoulos, Dimitrios"]
[Black "Prentos, Konstantinos"]
[Result "1-0"]
[WhiteElo "2495"]
[BlackElo "2260"]
[PlyCount "85"]
[EventDate "1997.??.??"]
[EventType "swiss"]
[EventRounds "3"]
[EventCountry "GRE"]
[SourceTitle "EXT 2002"]
[Source "ChessBase"]
[SourceDate "2001.11.25"]
[SourceVersion "1"]
[SourceVersionDate "2001.11.25"]
[SourceQuality "1"]

1. e4 c6 2. d4 d5 3. Nd2 dxe4 4. Nxe4 Nf6 5. Nxf6+ exf6 6. c3 Bf5 7. Ne2 Bd6 8. Ng3 Qe7+ 9. Be3 Bg6 10. Qf3 Nd7 11. Bc4 0-0-0 12. Nf5 Bxf5 13. Qxf5 g6 14. Qf3 f5 15. 0-0 Qf6 16. Bf4 Bxf4 17. Qxf4 g5 18. Qf3 h5 19. Rfe1 f4 20. Qe4 g4 21. Qe7 Qh6 22. Qxf7 g3 23. Re7 gxf2+ 24. Kxf2 f3 25. gxf3 Rhf8 26. Qg7 Qd6 27. Kg1 Rf6 28. Qh7 Rdf8 29. Rf1 Rh6 30. Qe4 Rf4 31. Re8+ Kc7 32. Qe7 Rg6+ 33. Kh1 Qxe7 34. Rxe7 Kd6 35. Rh7 h4 36. Bd3 Rgf6 37. Kg2 b5 38. Be4 a5 39. Re1 Nf8 40. Rh5 Ne6 41. a4 bxa4 42. Rxa5 Rf7 43. Ra6 1-0

[Event "Thessaloniki tt"]
[Site "Thessaloniki"]
[Date "1997.??.??"]
[Round "2"]
[White "Prentos, Konstantinos"]
[Black "Skembris, Spyridon"]
[Result "1/2-1/2"]
[WhiteElo "2260"]
[BlackElo "2450"]
[PlyCount "61"]
[EventDate "1997.??.??"]
[EventType "swiss"]
[EventRounds "3"]
[EventCountry "GRE"]
[SourceTitle "EXT 2002"]
[Source "ChessBase"]
[SourceDate "2001.11.25"]
[SourceVersion "1"]
[SourceVersionDate "2001.11.25"]
[SourceQuality "1"]

1. e4 e5 2. Nf3 Nc6 3. Bc4 Bc5 4. c3 Nf6 5. d3 a6 6. b4 Ba7 7. 0-0 d6 8. Be3 0-0 9. Nbd2 Ne7 10. d4 exd4 11. Bxd4 Bxd4 12. Nxd4 d5 13. Bd3 Ng6 14. Re1 Qd6 15. Qc2 c5 16. bxc5 Qxc5 17. e5 Ng4 18. N2f3 Qc7 19. Bxg6 hxg6 20. h3 Nh6 21. e6 Bxe6 22. Nxe6 fxe6 23. Rxe6 Rxf3 24. gxf3 Nf5 25. Qd3 Kh7 26. Rae1 Qf4 27. Qxd5 Qg5+ 28. Kh2 Qf4+ 29. Kg1 Qg5+ 30. Kh2 Qf4+ 31. Kg1 1/2-1/2

[Event "Athens cup qf"]
[Site "Athens"]
[Date "1996.??.??"]
[Round "?"]
[White "Kalesis, Nikolaos"]
[Black "Prentos, Konstantinos"]
[Result "1-0"]
[WhiteElo "2390"]
[BlackElo "2270"]
[PlyCount "123"]
[EventDate "1996.??.??"]
[EventType "team"]
[EventRounds "1"]
[EventCountry "GRE"]
[SourceTitle "EXT 1997"]
[Source "ChessBase"]
[SourceDate "1996.11.15"]
[SourceVersion "1"]
[SourceVersionDate "1996.11.15"]
[SourceQuality "1"]

1. d4 d5 2. c4 e6 3. Nc3 c6 4. e3 Nf6 5. Nf3 Nbd7 6. Bd3 dxc4 7. Bxc4 b5 8. Bd3 a6 9. e4 c5 10. d5 e5 11. b3 Bd6 12. 0-0 Nb6 13. a4 b4 14. Nb1 0-0 15. Nbd2 a5 16. Bb2 Qe7 17. Re1 Nh5 18. g3 Bg4 19. Nf1 g6 20. Ne3 Bh3 21. Bf1 Bd7 22. Nd2 Nf6 23. Nec4 Nxc4 24. Nxc4 Nh5 25. Rc1 Ng7 26. Qd2 f6 27. Qe3 Rfc8 28. Nb6 Rab8 29. Nxc8 Rxc8 30. Rc2 g5 31. Bd3 Qf7 32. Qe2 Qg6 33. Bb5 Bh3 34. g4 h5 35. Bd7 Bxg4 36. Bxg4 hxg4 37. Qxg4 Rd8 38. Bc1 Nh5 39. Be3 Nf4 40. Bxf4 exf4 41. f3 Kg7 42. h4 Be5 43. Rg2 Bd4+ 44. Kf1 Rf8 45. hxg5 f5 46. exf5 Rxf5 47. Re6 Qf7 48. Rf6 Qxd5 49. Rxf5 Qxb3 50. Rh2 Qd1+ 51. Kg2 Qg1+ 52. Kh3 Qf1+ 53. Qg2 Qb1 54. Qc2 Qf1+ 55. Kg4 b3 56. Rf7+ Kxf7 57. Qf5+ Kg8 58. Qc8+ Kf7 59. Qd7+ Kf8 60. Qd8+ Kf7 61. Rh7+ Ke6 62. Qd7+ 1-0

[Event "GRE-chT"]
[Site "Thessaloniki"]
[Date "1996.??.??"]
[Round "3"]
[White "Prentos, Konstantinos"]
[Black "Papaioannou, Ioannis"]
[Result "0-1"]
[WhiteElo "2270"]
[BlackElo "2495"]
[PlyCount "82"]
[EventDate "1996.??.??"]
[EventType "team"]
[EventRounds "3"]
[EventCountry "GRE"]
[SourceTitle "CBM 055 Extra"]
[Source "ChessBase"]
[SourceDate "1997.01.01"]
[SourceVersion "1"]
[SourceVersionDate "1997.01.01"]
[SourceQuality "1"]

1. e4 c6 2. d4 d5 3. Nc3 dxe4 4. Nxe4 Nd7 5. Nf3 Ngf6 6. Nxf6+ Nxf6 7. Ne5 Be6 8. Be2 g6 9. 0-0 Bg7 10. a4 a5 11. Be3 Nd5 12. Qd2 Nxe3 13. Qxe3 0-0 14. c3 Qc7 15. Nd3 Rad8 16. Rfe1 Rfe8 17. Nc5 Bc8 18. Bc4 e6 19. Nd3 b6 20. Re2 Bb7 21. f4 Rf8 22. Rae1 Rc8 23. Qf2 c5 24. dxc5 bxc5 25. Ne5 Rcd8 26. h4 Bd5 27. Bb5 Ba8 28. h5 Rd6 29. hxg6 hxg6 30. Qh4 Rfd8 31. Ng4 Rd5 32. Re5 Rd2 33. Bf1 Rxb2 34. Nf6+ Bxf6 35. Qxf6 c4 36. R5e2 Rdd2 37. Rxd2 Rxd2 38. Re3 Qb6 39. Qe5 Rd1 40. Kf2 Rd5 41. Qf6 Rf5 0-1

[Event "GRE-chT"]
[Site "Athens"]
[Date "1996.??.??"]
[Round "9"]
[White "Sideris, Nikiforos"]
[Black "Prentos, Konstantinos"]
[Result "0-1"]
[WhiteElo "2230"]
[BlackElo "2270"]
[PlyCount "86"]
[EventDate "1996.??.??"]
[EventType "team"]
[EventRounds "9"]
[EventCountry "GRE"]
[SourceTitle "CBM 055 Extra"]
[Source "ChessBase"]
[SourceDate "1997.01.01"]
[SourceVersion "1"]
[SourceVersionDate "1997.01.01"]
[SourceQuality "1"]

1. e4 c5 2. Nf3 e6 3. d4 cxd4 4. Nxd4 Nf6 5. Nc3 d6 6. Bc4 a6 7. Bb3 Nbd7 8. 0-0 Nc5 9. f4 Nfxe4 10. Nxe4 Nxe4 11. f5 e5 12. Nf3 Nf6 13. Ng5 d5 14. Qe2 Bc5+ 15. Kh1 Qe7 16. Be3 Bd6 17. Rad1 h6 18. Nh3 d4 19. Bg1 0-0 20. g4 Bd7 21. Bf2 Bb5 22. Bc4 Bc6+ 23. Kg1 b5 24. Bb3 Ne4 25. Rde1 Bc5 26. Qd3 Nf6 27. Bxd4 Rad8 28. Bxc5 Qxc5+ 29. Qe3 Rd4 30. Nf2 Nxg4 31. Qg3 Rf4 32. h3 Nxf2 33. Rxf2 Rxf5 34. Qe3 Rg5+ 35. Kf1 Qb4 36. Ke2 a5 37. Ref1 Kh8 38. Rxf7 Rxf7 39. Rxf7 a4 40. Be6 Rg2+ 41. Rf2 Qxb2 42. Kd3 Qa3+ 43. Kd2 Rxf2+ 0-1

[Event "GRE-chT"]
[Site "Greece"]
[Date "1992.??.??"]
[Round "?"]
[White "Georgiev, Krum"]
[Black "Prentos, Konstantinos"]
[Result "1-0"]
[WhiteElo "2505"]
[BlackElo "2265"]
[PlyCount "63"]
[EventDate "1992.??.??"]
[EventType "team"]
[EventRounds "9"]
[EventCountry "GRE"]
[SourceTitle "EXT 2003"]
[Source "ChessBase"]
[SourceDate "2002.11.25"]
[SourceVersion "1"]
[SourceVersionDate "2002.11.25"]
[SourceQuality "1"]

1. e4 c5 2. Ne2 d6 3. g3 g6 4. Bg2 Bg7 5. 0-0 Nc6 6. c3 e5 7. d3 Nge7 8. a3 0-0 9. b4 a6 10. Be3 cxb4 11. axb4 Be6 12. Nd2 f5 13. Rb1 Qd7 14. Nc4 Rae8 15. Nb6 Qc7 16. b5 axb5 17. Rxb5 Nc8 18. Nd5 Bxd5 19. Rxd5 Kh8 20. Qb3 Re7 21. Rb1 Ref7 22. exf5 gxf5 23. Rb5 f4 24. gxf4 exf4 25. Nxf4 Rxf4 26. Rxb7 Qa5 27. Bxf4 Rxf4 28. Bxc6 Qc5 29. Rc7 Qxf2+ 30. Kh1 Rf8 31. Qe6 Na7 32. Qe7 1-0

[Event "GRE-ch"]
[Site "Komotini"]
[Date "1992.??.??"]
[Round "?"]
[White "Moutousis, Konstantinos"]
[Black "Prentos, Konstantinos"]
[Result "1-0"]
[WhiteElo "2405"]
[BlackElo "2265"]
[PlyCount "99"]
[EventDate "1992.??.??"]
[EventType "tourn"]
[EventRounds "9"]
[EventCountry "GRE"]
[EventCategory "6"]
[SourceTitle "EXT 2004"]
[Source "ChessBase"]
[SourceDate "2003.11.25"]
[SourceVersion "1"]
[SourceVersionDate "2003.11.25"]
[SourceQuality "1"]

1. d4 d5 2. Nf3 e6 3. Bg5 Be7 4. Bxe7 Nxe7 5. e3 Nd7 6. Nbd2 c5 7. c3 Nc6 8. Qb3 0-0 9. Rd1 Qc7 10. Be2 b6 11. 0-0 Bb7 12. Qc2 e5 13. dxe5 Ncxe5 14. Ng5 Nf6 15. Rfe1 Rad8 16. Nf1 h6 17. Nf3 Ne4 18. Nxe5 Qxe5 19. Ng3 Nxg3 20. hxg3 Rd6 21. Bf3 Rfd8 22. Re2 Bc8 23. b4 Bf5 24. Qc1 Be4 25. bxc5 Bxf3 26. gxf3 bxc5 27. Qa3 d4 28. cxd4 cxd4 29. Red2 a5 30. exd4 Qf5 31. Kg2 Rd5 32. Qc3 h5 33. Rh1 Qf6 34. Rh4 g6 35. Re4 Qf5 36. Rb2 Qd7 37. Rbe2 Rxd4 38. Rxd4 Qxd4 39. Qxa5 Rd5 40. Re8+ Kg7 41. Qe1 h4 42. g4 Qf6 43. Qe3 Qa1 44. Qa3 h3+ 45. Kh2 Qf1 46. Qb2+ Kh6 47. Rh8+ Kg5 48. Rxh3 f5 49. f4+ Kxf4 50. Qb4+ 1-0

[Event "GRE-chT"]
[Site "Greece"]
[Date "1992.??.??"]
[Round "?"]
[White "Prentos, Konstantinos"]
[Black "Grivas, Efstratios"]
[Result "1/2-1/2"]
[WhiteElo "2265"]
[BlackElo "2465"]
[PlyCount "42"]
[EventDate "1992.??.??"]
[EventType "team"]
[EventRounds "9"]
[EventCountry "GRE"]
[SourceTitle "EXT 2003"]
[Source "ChessBase"]
[SourceDate "2002.11.25"]
[SourceVersion "1"]
[SourceVersionDate "2002.11.25"]
[SourceQuality "1"]

1. e4 c5 2. Nc3 Nc6 3. Nf3 e5 4. Bc4 d6 5. d3 h6 6. Nd5 Nge7 7. c3 Nxd5 8. Bxd5 g5 9. Nd2 Be6 10. Bxe6 fxe6 11. Nf1 Be7 12. Ng3 Kd7 13. Be3 Qg8 14. Qa4 h5 15. 0-0-0 Rc8 16. d4 cxd4 17. cxd4 exd4 18. Bxd4 Rh6 19. Rd3 Rc7 20. Kb1 g4 21. Rhd1 Qb8 1/2-1/2

[Event "GRE-chT"]
[Site "Greece"]
[Date "1992.??.??"]
[Round "?"]
[White "Prentos, Konstantinos"]
[Black "Tzoumbas, Anastasios"]
[Result "1/2-1/2"]
[WhiteElo "2265"]
[BlackElo "2210"]
[PlyCount "100"]
[EventDate "1992.??.??"]
[EventType "team"]
[EventRounds "9"]
[EventCountry "GRE"]
[SourceTitle "EXT 2003"]
[Source "ChessBase"]
[SourceDate "2002.11.25"]
[SourceVersion "1"]
[SourceVersionDate "2002.11.25"]
[SourceQuality "1"]

1. Nf3 c5 2. e4 d6 3. d4 cxd4 4. Nxd4 Nf6 5. Nc3 a6 6. Be3 e5 7. Nf3 Be7 8. Bc4 0-0 9. 0-0 Be6 10. Bb3 Qc7 11. Qe2 Qc6 12. Bg5 Re8 13. Bxf6 Bxf6 14. Nd5 Bxd5 15. Bxd5 Qc7 16. Rfd1 Nd7 17. c3 Rab8 18. Ne1 Nc5 19. Nc2 b5 20. a3 g6 21. Ba2 Bg7 22. Ne3 a5 23. Nd5 Qb7 24. Rac1 Rbc8 25. Rc2 Ne6 26. Qf3 Nd4 27. Qd3 Nxc2 28. Qxc2 b4 29. axb4 axb4 30. Qb3 Rb8 31. Nxb4 Red8 32. Qc2 Rdc8 33. Qd3 Bf8 34. Bd5 Qd7 35. Qf3 Kg7 36. h4 h5 37. g3 Rb6 38. Kg2 Rcb8 39. Qd3 Be7 40. Re1 Bf6 41. Re3 Be7 42. Rf3 f6 43. b3 Rf8 44. Nc2 Bd8 45. Ne3 Rb8 46. Bc4 Ra8 47. b4 Ra1 48. Nc2 Ra8 49. Ne3 Ra1 50. Nc2 Ra8 1/2-1/2

[Event "Kavala op"]
[Site "Kavala"]
[Date "1991.??.??"]
[Round "?"]
[White "Prentos, Konstantinos"]
[Black "Blees, Albert"]
[Result "0-1"]
[WhiteElo "2270"]
[BlackElo "2380"]
[PlyCount "76"]
[EventDate "1991.??.??"]
[EventType "swiss"]
[EventRounds "9"]
[EventCountry "GRE"]
[SourceTitle "EXT 2003"]
[Source "ChessBase"]
[SourceDate "2002.11.25"]
[SourceVersion "1"]
[SourceVersionDate "2002.11.25"]
[SourceQuality "1"]

1. e4 c5 2. Nf3 d6 3. d4 cxd4 4. Nxd4 Nf6 5. Nc3 g6 6. Be3 Bg7 7. f3 Nc6 8. Qd2 0-0 9. g4 Ne5 10. h3 Be6 11. 0-0-0 Bc4 12. f4 Bxf1 13. fxe5 dxe5 14. Ne6 Qxd2+ 15. Rxd2 Bxh3 16. Nxf8 Bxg4 17. Nxh7 Nxh7 18. Nd5 Bf6 19. Rdh2 Bh5 20. Rf1 b6 21. c4 Kg7 22. b4 Bg5 23. Bxg5 Nxg5 24. Nxe7 Nxe4 25. Re1 Ng5 26. Rxe5 Nf3 27. Rhxh5 gxh5 28. Rxh5 Re8 29. Nc6 Re4 30. c5 Kf6 31. Nxa7 Rxb4 32. cxb6 Ne5 33. Rxe5 Rxb6 34. Ra5 Ke6 35. Kd2 f5 36. Nb5 Ke5 37. Nc3+ Kd4 38. Rd5+ Kc4 0-1